Countries with the Top Female Chess Players - Statistics

General Stats
  • This quiz has been taken 118 times
  • The average score is 9 of 13
Answer Stats
# Country % Correct
13 China
99%
4 United States
98%
10 Russia
93%
5 France
87%
10 India
86%
3 Germany
83%
3 Spain
76%
5 Poland
67%
5 Ukraine
66%
5 Azerbaijan
45%
3 Armenia
44%
4 Kazakhstan
44%
6 Georgia
42%
No matching quizzes found
Score Distribution
Percent of People with Each Score
Percentile by Number Answered
Your Score History
You have not taken this quiz